STAY AWAY / (Record no. 198756)
[ view plain ]
| 000 -LEADER | |
|---|---|
| fixed length control field | 01515nam a2200253 i 4500 |
| 003 - CONTROL NUMBER IDENTIFIER | |
| control field | OSt |
| 005 - DATE AND TIME OF LATEST TRANSACTION | |
| control field | 20250204112144.0 |
| 008 - FIXED-LENGTH DATA ELEMENTS--GENERAL INFORMATION | |
| fixed length control field | 240401s2024 my g 000 f may d |
| 020 ## - INTERNATIONAL STANDARD BOOK NUMBER | |
| International Standard Book Number | 9786299936718 |
| Terms of availability | RM 28.00 |
| Qualifying information | paperback |
| 040 ## - CATALOGING SOURCE | |
| Original cataloging agency | PPAK |
| Language of cataloging | eng |
| Transcribing agency | PPAK |
| Description conventions | rda |
| 082 04 - DEWEY DECIMAL CLASSIFICATION NUMBER | |
| Edition number | 23 |
| Classification number | 899.2333 |
| 090 00 - LOCALLY ASSIGNED LC-TYPE CALL NUMBER (OCLC); LOCAL CALL NUMBER (RLIN) | |
| Classification number (OCLC) (R) ; Classification number, CALL (RLIN) (NR) | 899.2333 |
| Feature heading | ZAI |
| Feature heading | G |
| 100 0# - MAIN ENTRY--PERSONAL NAME | |
| Personal name | Zaifu Zaman Ahmad, |
| Dates associated with a name | 1969- |
| Relator term | author. |
| 245 10 - TITLE STATEMENT | |
| Title | STAY AWAY / |
| Statement of responsibility, etc. | ZAIFU ZAMAN AHMAD |
| 264 #1 - PRODUCTION, PUBLICATION, DISTRIBUTION, MANUFACTURE, AND COPYRIGHT NOTICE | |
| Place of production, publication, distribution, manufacture | Kajang, Selangor : |
| Name of producer, publisher, distributor, manufacturer | BLACK ALPHA SDN. BHD., |
| Date of production, publication, distribution, manufacture, or copyright notice | [2024?] |
| 300 ## - PHYSICAL DESCRIPTION | |
| Extent | 355 pages ; |
| Dimensions | 19 cm |
| 336 ## - CONTENT TYPE | |
| Content type term | text |
| Source | rdacontent |
| 337 ## - MEDIA TYPE | |
| Media type term | unmediated |
| Source | rdamedia |
| 338 ## - CARRIER TYPE | |
| Carrier type term | volume |
| Source | rdacarrier |
| 520 ## - SUMMARY, ETC. | |
| Summary, etc. | Hubungan Amira dan Iskandar mendapat restu dari Puan Anum, ibu Iskandar. Namun, desakan demi desakan dari Puan Anum agar mereka mempercepatkan perkahwinan membuatkan Amira kurang selesa.<br/>Kehadiran sekeping kad turut membuat Amira keliru. Bertambah bingung Amira jadinya apabila seseorang telah memperkenalkan dirinya dan meminta agar Amira berhati-hati dalam membuat keputusan. <br/>Dia bakal tanggung akibat dari pilihan yang dibuat.Apakah yang bakal menanti Amira? Siapakah wanita misteri yang menganggunya? <br/>Apakah semua teka-teki itu ada kaitan dengan Iskandar dan keluarganya?Amira merenung kad berwarna putih itu dengan pandangan pelik. “Siapa bagi?” soalnya kemudian.<br/>“Stay away. Jauhkan diri awak dari mereka,” wanita itu kemudiannya berbisik lembut. |
| 650 10 - SUBJECT ADDED ENTRY--TOPICAL TERM | |
| Topical term or geographic name entry element | Malay fiction |
| Topical term or geographic name entry element | Malaysian fiction (Malay) |
| 942 ## - ADDED ENTRY ELEMENTS (KOHA) | |
| Source of classification or shelving scheme | Dewey Decimal Classification |
| Koha item type | Book |
| Withdrawn | Not for loan | Current library | Shelving location | Date acquired | Total Checkouts | Full call number | Barcode | Date last seen | Date last checked out | Koha item type | Total Renewals | Checked out |
|---|---|---|---|---|---|---|---|---|---|---|---|---|
| Perpustakaan Alor Setar | Pinjaman Dewasa | 09/02/2025 | 3 | 899.2333 ZAI | A01860481 | 22/10/2025 | 18/10/2025 | Book | ||||
| Perpustakaan Awam Sungai Petani | Pinjaman Dewasa | 09/02/2025 | 3 | 899.2333 ZAI | A01860482 | 27/06/2026 | 27/06/2026 | Book | 1 | 18/07/2026 | ||
| Perpustakaan Baling | Pinjaman Dewasa | 09/02/2025 | 3 | 899.2333 ZAI | A01860486 | 28/12/2025 | 21/12/2025 | Book | 1 | |||
| Perpustakaan Bandar Baharu | Pinjaman Dewasa | 09/02/2025 | 899.2333 ZAI | A01860487 | 09/02/2025 | Book | ||||||
| Perpustakaan Jitra | Pinjaman Dewasa | 09/02/2025 | 1 | 899.2333 ZAI | A01860483 | 01/10/2025 | 13/08/2025 | Book | 1 | |||
| Perpustakaan Kuala Nerang | Pinjaman Dewasa | 09/02/2025 | 899.2333 ZAI | A01860491 | 09/02/2025 | Book | ||||||
| Perpustakaan Kulim | Pinjaman Dewasa | 09/02/2025 | 2 | 899.2333 ZAI | A01860485 | 03/09/2025 | 20/08/2025 | Book | 1 | |||
| Perpustakaan Langkawi | Pinjaman Dewasa | 09/02/2025 | 1 | 899.2333 ZAI | A01860484 | 21/06/2026 | 21/06/2026 | Book | 12/07/2026 | |||
| Perpustakaan Merbok | Pinjaman Dewasa | 09/02/2025 | 1 | 899.2333 ZAI | A01860488 | 21/02/2026 | 31/01/2026 | Book | ||||
| Perpustakaan Pendang | Pinjaman Dewasa | 09/02/2025 | 1 | 899.2333 ZAI | A01860492 | 29/06/2026 | 22/06/2026 | Book | ||||
| Perpustakaan Sik | Pinjaman Dewasa | 09/02/2025 | 3 | 899.2333 ZAI | A01860490 | 21/07/2025 | 16/06/2025 | Book | 1 | |||
| Perpustakaan Yan | Pinjaman Dewasa | 09/02/2025 | 1 | 899.2333 ZAI | A01860489 | 11/06/2025 | 04/05/2025 | Book | 1 |